Cinquante dates historiques de la Grèce antique (notice n° 2197499)

détails MARC
000 -LEADER
fixed length control field 01187cam a2200133 4500500
005 - DATE AND TIME OF LATEST TRANSACTION
control field 20260405085427.0
041 ## - LANGUAGE CODE
Language code of text/sound track or separate title fre
042 ## - AUTHENTICATION CODE
Authentication code dc
100 10 - MAIN ENTRY--PERSONAL NAME
Personal name Brun, Patrice
Relator term author
245 00 - TITLE STATEMENT
Title Cinquante dates historiques de la Grèce antique
260 ## - PUBLICATION, DISTRIBUTION, ETC.
Name of publisher, distributor, etc. Armand Colin,<br/>
Date of publication, distribution, etc. 2023.<br/>
520 ## - SUMMARY, ETC.
Summary, etc. Cet ouvrage, qui couvre toute l'Antiquité, de la fin de Mycènes à la chute de l'Empire romain, permet à travers près de 500 dates importantes, de comprendre deux civilisations exceptionnelles, grecque et romaine, en donnant un sens logique et chronologique aux événements qui ont modelé le monde antique sur deux millénaires. L'ouvrage met tout particulièrement en lumière les rapports intercivilisationnels commerciaux et culturels (ainsi l'apparition de l'alphabet venu de Phénicie qui aboutissent, d'abord par l'expédition d'Alexandre puis par la conquête romaine, à la naissance d'un monde unifié par l'Empire). Outil de travail autant que vadémécum pour quiconque souhaite rafraîchir ses connaissances de la période ou la découvrir.
856 41 - ELECTRONIC LOCATION AND ACCESS
Uniform Resource Identifier <a href="https://shs.cairn.info/50-dates-historiques-de-la-grece-antique--9782200629977?lang=fr&redirect-ssocas=7080">https://shs.cairn.info/50-dates-historiques-de-la-grece-antique--9782200629977?lang=fr&redirect-ssocas=7080</a>

Pas d'exemplaire disponible.

PLUDOC

PLUDOC est la plateforme unique et centralisée de gestion des bibliothèques physiques et numériques de Guinée administré par le CEDUST. Elle est la plus grande base de données de ressources documentaires pour les Étudiants, Enseignants chercheurs et Chercheurs de Guinée.

Adresse

627 919 101/664 919 101

25 boulevard du commerce
Kaloum, Conakry, Guinée

Réseaux sociaux

Powered by Netsen Group @ 2025